Multiple Choice Minefield Blitz Quiz Stats

 Plays Quiz Updated Dec 13, 2016

Challenge
Share
Tweet
Embed
Score 0/25 Timer 01:00
88 Plays Today
Question Answer Wrong Answers
Harry Potter ???
58.2%
???
0.1%
???
0.1%
???
0.3%
Triceratops ???
58.2%
???
0.4%
???
0.2%
???
0.2%
The Cat in the Hat ???
58.1%
???
0.1%
???
0.2%
???
0.1%
Hinduism ???
58%
???
0.2%
???
0.2%
???
0.2%
Beijing ???
58%
???
0.3%
???
0.1%
???
0.2%
Willy Wonka ???
57.9%
???
0.1%
???
0.4%
???
0.2%
Stegosaurus ???
57.9%
???
0.4%
???
0.2%
???
0.2%
Hulk ???
57.8%
???
0.2%
???
0.1%
???
0.2%
Judaism ???
57.8%
???
0.2%
???
0.2%
???
0.3%
Islam ???
57.6%
???
0.2%
???
0.6%
???
0.2%
Cairo ???
57.6%
???
0.4%
???
0.4%
???
0.2%
Jay Gatsby ???
57.6%
???
0.1%
???
0.2%
???
0.2%
Spider-Man ???
57.5%
???
1%
???
0.2%
???
0.2%
Brussels ???
57.5%
???
0.4%
???
0.2%
???
0.4%
Ebenezer Scrooge ???
57.4%
???
0.4%
???
0.1%
???
0.2%
Mr. Fantastic ???
57.4%
???
0.3%
???
0.2%
???
0.2%
Velociraptor ???
57.2%
???
0.3%
???
0.2%
???
0.4%
Ankylosaurus ???
57.1%
???
0.3%
???
0.4%
???
0.4%
Wolverine ???
57.1%
???
0.2%
???
0.1%
???
1.4%
Daredevil ???
56.5%
???
0.2%
???
0.2%
???
1.4%
Port-au-Prince ???
55.9%
???
0.5%
???
0.7%
???
0.2%
Iguanodon ???
51.7%
???
2.1%
???
1.1%
???
1.1%
Shinto ???
48.9%
???
0.9%
???
4.1%
???
2.3%
Addis Ababa ???
48.2%
???
2.6%
???
6.2%
???
0.4%
Bahá'í ???
39.4%
???
1.7%
???
0.3%
???
18%

You're not logged in!

Compare scores with friends on all Sporcle quizzes.
OR
Log In

You Might Also Like...

Show Comments

Extras

Top Quizzes Today


Score Distribution

Your Account Isn't Verified!

In order to create a playlist on Sporcle, you need to verify the email address you used during registration. Go to your Sporcle Settings to finish the process.

Report this User

Report this user for behavior that violates our Community Guidelines.

Details: